[Event "BUL-ch (Women)"]
[Site "Sofia"]
[Date "2023.01.21"]
[Round "1"]
[White "Nikolova, Adriana"]
[Black "Ivanova, Dilyana"]
[Result "1-0"]
[WhiteElo "2252"]
[BlackElo "1769"]
[PlyCount "119"]
[EventDate "2023.01.21"]
[EventType "swiss"]
[EventRounds "9"]
[EventCountry "BUL"]
[SourceTitle "CBM 212 Extra"]
[Source "ChessBase"]
[SourceDate "2023.03.31"]
[SourceVersion "1"]
[SourceVersionDate "2023.03.31"]
[SourceQuality "1"]

1. d4 Nf6 2. Bf4 e6 3. e3 d5 4. Nf3 Bd6 5. Ne5 0-0 6. Nd2 c5 7. c3 Qc7 8. Bd3 Nc6 9. Ndf3 Ne4 10. 0-0 Ne7 11. dxc5 Qxc5 12. Bxe4 dxe4 13. Nd7 Bxd7 14. Bxd6 Qc8 15. Ng5 Qe8 16. Qh5 h6 17. Nxe4 Qd8 18. Ba3 Bc6 19. Rad1 Qc7 20. Bd6 Qd8 21. Qc5 Re8 22. Bxe7 Qxe7 23. Qxe7 Rxe7 24. Ng3 Rc8 25. e4 h5 26. Rfe1 h4 27. Nf1 Kf8 28. f3 Ke8 29. Kf2 Bb5 30. Ne3 Rc6 31. Rd4 Ra6 32. Red1 Rd7 33. a3 Rb6 34. Rxd7 Bxd7 35. Nc4 Rb3 36. Rd2 Ke7 37. Nd6 f6 38. Nc4 Kd8 39. Na5 Rb5 40. b4 b6 41. Nc6+ Kc7 42. Nxa7 Rh5 43. c4 Ba4 44. Rd3 h3 45. g4 Rh8 46. Nb5+ Bxb5 47. cxb5 g6 48. Rc3+ Kb7 49. Rc6 Re8 50. Kg3 f5 51. g5 fxe4 52. fxe4 Re7 53. Kxh3 Rh7+ 54. Kg3 Rh5 55. h4 Rh7 56. Rxe6 Rg7 57. a4 Ka7 58. a5 bxa5 59. bxa5 Kb7 60. Kg4 1-0

[Event "EU-ch Hybrid U14 Girls"]
[Site "Tornelo INT"]
[Date "2021.10.15"]
[Round "5"]
[White "Ivanova, Dilyana"]
[Black "Abdinova, Narmin"]
[Result "1-0"]
[WhiteElo "1824"]
[BlackElo "1632"]
[PlyCount "103"]
[EventDate "2021.10.15"]
[EventType "swiss"]
[EventRounds "9"]
[EventCountry "NET"]
[SourceTitle "EXT 2023"]
[Source "ChessBase"]
[SourceDate "2022.10.05"]
[SourceVersion "1"]
[SourceVersionDate "2022.10.05"]
[SourceQuality "1"]
[WhiteTeam "Bulgaria"]
[BlackTeam "Azerbaijan"]
[WhiteTeamCountry "BUL"]
[BlackTeamCountry "AZE"]

1. e4 c6 2. d4 d5 3. Nc3 dxe4 4. Nxe4 Bf5 5. Ng3 Bg6 6. N1e2 h6 7. Nf4 Bh7 8. Bc4 Nf6 9. 0-0 e6 10. Re1 Be7 11. Bxe6 fxe6 12. Nxe6 Qd7 13. Nxg7+ Kf7 14. N7h5 Qg4 15. f3 Qg6 16. Qe2 Nd5 17. Nf4 Qd6 18. Nxd5 cxd5 19. Bf4 Qd7 20. Qe3 Nc6 21. Bxh6 Bg6 22. Qf4+ Bf6 23. Bg5 Qd8 24. Re3 Kg7 25. h4 Qf8 26. c3 Bxg5 27. Qxg5 Qf6 28. Qxd5 Rad8 29. Qg5 Kf7 30. Ne4 Bxe4 31. Qxf6+ Kxf6 32. Rxe4 Ne7 33. Rae1 Nf5 34. Re6+ Kf7 35. R1e5 Rd5 36. Rxd5 Kxe6 37. Re5+ Kf6 38. h5 Ng3 39. Kf2 Nxh5 40. Rb5 b6 41. g4 Ng7 42. Kg3 Rh1 43. Kg2 Re1 44. f4 Ne6 45. g5+ Ke7 46. Kg3 Rg1+ 47. Kf2 Rg4 48. Re5 Kd6 49. Ke3 Rg2 50. g6 Nf8 51. f5 Nxg6 52. Re6+ 1-0

[Event "EU-ch Hybrid U14 Girls"]
[Site "Tornelo INT"]
[Date "2021.10.15"]
[Round "4"]
[White "Shvedova, Alexandra"]
[Black "Ivanova, Dilyana"]
[Result "1-0"]
[WhiteElo "2089"]
[BlackElo "1824"]
[PlyCount "74"]
[EventDate "2021.10.15"]
[EventType "swiss"]
[EventRounds "9"]
[EventCountry "NET"]
[SourceTitle "EXT 2023"]
[Source "ChessBase"]
[SourceDate "2022.10.05"]
[SourceVersion "1"]
[SourceVersionDate "2022.10.05"]
[SourceQuality "1"]
[WhiteTeam "Russia"]
[BlackTeam "Bulgaria"]
[WhiteTeamCountry "RUS"]
[BlackTeamCountry "BUL"]

1. e4 c5 2. Nf3 d6 3. d4 cxd4 4. Nxd4 Nf6 5. Nc3 a6 6. Be3 e6 7. f3 b5 8. Qd2 Bb7 9. a4 b4 10. Na2 e5 11. Qxb4 Qc7 12. Nb3 d5 13. Bc5 Nc6 14. Qb6 Qxb6 15. Bxb6 dxe4 16. fxe4 Nxe4 17. Bd3 Nb4 18. Nxb4 Bxb4+ 19. c3 Be7 20. 0-0 0-0 21. Rfe1 f5 22. Rad1 Bh4 23. g3 Be7 24. Bc4+ Kh8 25. Rd7 Ng5 26. Rxb7 Nf3+ 27. Kf2 Nxe1 28. Rxe7 Nc2 29. Bd3 Rab8 30. a5 f4 31. Bxc2 fxg3+ 32. Kxg3 Rf4 33. Rxe5 Rbf8 34. Rd5 Rf1 35. Rd8 Rxd8 36. Bxd8 Rg1+ 37. Kf2 Rg5 1-0

[Event "Wch FIDE Online U14 Girls Europe qual"]
[Site "Tornelo INT"]
[Date "2020.12.08"]
[Round "4"]
[White "Mosurovic, Milena"]
[Black "Ivanova, Dilyana"]
[Result "1-0"]
[WhiteElo "1868"]
[BlackElo "1492"]
[PlyCount "65"]
[EventDate "2020.12.07"]
[EventType "swiss (rapid)"]
[EventRounds "7"]
[EventCountry "ISS"]
[SourceTitle "EXT 2022"]
[Source "ChessBase"]
[SourceDate "2021.10.06"]
[SourceVersion "1"]
[SourceVersionDate "2021.10.06"]
[SourceQuality "1"]

1. e4 c5 2. Nc3 Nc6 3. g3 g6 4. Bg2 Bg7 5. d3 d6 6. Be3 Rb8 7. Qd2 b5 8. Nge2 b4 9. Nd1 Nd4 10. Nc1 Bg4 11. f4 Nf3+ 12. Bxf3 Bxf3 13. Rf1 Bxd1 14. Qxd1 Bxb2 15. Rb1 Bc3+ 16. Kf2 h5 17. f5 gxf5 18. exf5 Nf6 19. Kg2 h4 20. Qf3 Qd7 21. Ne2 Be5 22. c3 Rg8 23. cxb4 cxb4 24. Bd2 hxg3 25. hxg3 d5 26. Bxb4 d4 27. Bc5 Rc8 28. Rfc1 Ng4 29. Bxd4 Bxd4 30. Nxd4 Rxc1 31. Rxc1 Qxd4 32. Rc8+ Kd7 33. Qc6# 1-0

[Event "Wch FIDE Online U14 Girls Europe qual"]
[Site "Tornelo INT"]
[Date "2020.12.07"]
[Round "1"]
[White "Ivanova, Dilyana"]
[Black "Karmanova, Olga Dm"]
[Result "0-1"]
[WhiteElo "1492"]
[BlackElo "1743"]
[PlyCount "62"]
[EventDate "2020.12.07"]
[EventType "swiss (rapid)"]
[EventRounds "7"]
[EventCountry "ISS"]
[SourceTitle "EXT 2022"]
[Source "ChessBase"]
[SourceDate "2021.10.06"]
[SourceVersion "1"]
[SourceVersionDate "2021.10.06"]
[SourceQuality "1"]

1. e4 c5 2. Nf3 a6 3. d4 cxd4 4. Nxd4 Nf6 5. Bd3 e5 6. Nb3 d5 7. exd5 Nxd5 8. 0-0 Nc6 9. a3 Be7 10. Re1 0-0 11. c4 Nf6 12. Nc3 Bg4 13. Qc2 h6 14. f3 Be6 15. Be3 Rc8 16. Rad1 Qc7 17. Qf2 b5 18. Nd2 bxc4 19. Bxc4 Nd4 20. Bxd4 exd4 21. Bxe6 dxc3 22. Bxf7+ Rxf7 23. Nb3 Rb8 24. Qc2 Qb6+ 25. Nd4 cxb2 26. Qb1 Bc5 27. Kh1 Bxd4 28. Re2 Nd5 29. Red2 Nc3 30. Qc2 Nxd1 31. Rxd1 b1Q 0-1

[Event "EU-ch U12 Girls"]
[Site "Bratislava"]
[Date "2019.08.08"]
[Round "7"]
[White "Ivanova, Dilyana"]
[Black "Maria, Lia Alexandra"]
[Result "1-0"]
[WhiteElo "1673"]
[BlackElo "1552"]
[PlyCount "65"]
[EventDate "2019.08.02"]
[EventType "swiss"]
[EventRounds "9"]
[EventCountry "SVK"]
[SourceTitle "EXT 2020"]
[Source "ChessBase"]
[SourceDate "2019.10.17"]
[SourceVersion "1"]
[SourceVersionDate "2019.10.17"]
[SourceQuality "1"]

1. e4 c5 2. Nf3 d6 3. d4 cxd4 4. Nxd4 Nf6 5. Nc3 a6 6. f3 b5 7. Be3 e6 8. g4 h6 9. Qd2 b4 10. Nce2 d5 11. e5 Nfd7 12. f4 Bb7 13. 0-0-0 Nb6 14. Ng3 N8d7 15. f5 Nc5 16. Qf2 Nba4 17. Bh3 Qa5 18. fxe6 fxe6 19. Rhf1 0-0-0 20. g5 Re8 21. Nxe6 Kb8 22. Nxc5 Bxc5 23. e6 hxg5 24. Bg4 Bxe3+ 25. Qxe3 Rxh2 26. Qe5+ Ka8 27. e7 Qc5 28. Ne2 Rxe7 29. Qxh2 Qc4 30. Rf8+ Ka7 31. Qb8+ Kb6 32. Qd6+ Ka7 33. Qxe7 1-0

[Event "EU-ch U12 Girls"]
[Site "Bratislava"]
[Date "2019.08.02"]
[Round "1"]
[White "Ivanova, Dilyana"]
[Black "Kalamoukou, Giolanta"]
[Result "0-1"]
[WhiteElo "1673"]
[BlackElo "1346"]
[PlyCount "88"]
[EventDate "2019.08.02"]
[EventType "swiss"]
[EventRounds "9"]
[EventCountry "SVK"]
[SourceTitle "EXT 2020"]
[Source "ChessBase"]
[SourceDate "2019.10.17"]
[SourceVersion "1"]
[SourceVersionDate "2019.10.17"]
[SourceQuality "1"]

1. e4 c5 2. Nf3 Nc6 3. d4 cxd4 4. Nxd4 g6 5. Nc3 Bg7 6. Be3 Nf6 7. Bc4 0-0 8. 0-0 Nxe4 9. Nxe4 d5 10. Bxd5 Qxd5 11. Nc3 Qd7 12. Nce2 Nxd4 13. Bxd4 Qb5 14. a4 Qb4 15. Bxg7 Kxg7 16. Qd4+ Qxd4 17. Nxd4 e5 18. Nb5 Bf5 19. c3 Rfd8 20. Rfe1 a6 21. Na3 f6 22. Nc4 Be6 23. Nb6 Rab8 24. a5 Rd2 25. b4 Rbd8 26. Kf1 Rc2 27. Rac1 Rdd2 28. Rxc2 Rxc2 29. Re3 Rc1+ 30. Ke2 Rc2+ 31. Ke1 Rc1+ 32. Ke2 Rc2+ 33. Kf3 h5 34. h4 Kh6 35. Kg3 g5 36. Rf3 Kg6 37. hxg5 Kxg5 38. Re3 h4+ 39. Kf3 Bg4+ 40. Ke4 Rxf2 41. g3 h3 42. Re1 h2 43. Ke3 Re2+ 44. Rxe2 Bxe2 0-1

[Event "EU-chT U12 Girls"]
[Site "Pardubice"]
[Date "2019.07.11"]
[Round "1.1"]
[White "Ivanova, Dilyana"]
[Black "Veverkova, Dorota"]
[Result "1-0"]
[WhiteElo "1734"]
[BlackElo "1348"]
[PlyCount "31"]
[EventDate "2019.07.11"]
[EventType "team-tourn"]
[EventRounds "7"]
[EventCountry "CZE"]
[SourceTitle "EXT 2020"]
[Source "ChessBase"]
[SourceDate "2019.10.17"]
[SourceVersion "1"]
[SourceVersionDate "2019.10.17"]
[SourceQuality "1"]
[WhiteTeam "Pleven U12 Girls"]
[BlackTeam "Czech Republic U12 Girls II"]
[WhiteTeamCountry "BUL"]
[BlackTeamCountry "CZE"]

1. e4 c6 2. d4 d5 3. Nd2 dxe4 4. Nxe4 Bf5 5. Ng3 Bg6 6. N1e2 h6 7. Nf4 Bh7 8. Bc4 Nf6 9. 0-0 Nbd7 10. Re1 Qc7 11. c3 e6 12. Bxe6 fxe6 13. Nxe6 Qb6 14. Nc7+ Kd8 15. Nxa8 Bd6 16. Nxb6 1-0

[Event "Wch U10 Girls"]
[Site "Pocos de Caldas"]
[Date "2017.08.24"]
[Round "4"]
[White "Mikheeva, Galina"]
[Black "Ivanova, Dilyana"]
[Result "1/2-1/2"]
[WhiteElo "1596"]
[BlackElo "1588"]
[PlyCount "80"]
[EventDate "2017.08.22"]
[EventType "swiss"]
[EventRounds "11"]
[EventCountry "BRA"]
[SourceTitle "CBM 180 Extra"]
[Source "ChessBase"]
[SourceDate "2017.10.06"]
[SourceVersion "1"]
[SourceVersionDate "2017.10.06"]
[SourceQuality "1"]

1. e4 c5 2. Nf3 d6 3. b3 Nc6 4. Bb2 e5 5. Bc4 g6 6. Nc3 Bg7 7. d3 Nf6 8. a4 0-0 9. 0-0 Bg4 10. h3 Bxf3 11. Qxf3 Nd4 12. Qd1 Nh5 13. Nd5 Ne6 14. Bc1 Nhf4 15. Rb1 Nxd5 16. Bxd5 Qe7 17. Qg4 Rae8 18. Qg3 Nd4 19. Qg5 Nxc2 20. Qd2 Nb4 21. Bc4 Kh8 22. Bb5 Rd8 23. Ba3 Nc6 24. Bxc6 bxc6 25. Rfc1 Qh4 26. Qa5 f5 27. Qe1 fxe4 28. dxe4 Rf7 29. Rc2 Rb8 30. Qe2 Qf6 31. Qd3 Qe6 32. Rd2 Rd7 33. Bxc5 d5 34. exd5 cxd5 35. Qe3 a6 36. Re2 Qf5 37. Ree1 d4 38. Qe4 Qxe4 39. Rxe4 Rd5 40. Ba3 d3 1/2-1/2

[Event "BUL-ch (Women) 66th"]
[Site "Pleven"]
[Date "2017.03.06"]
[Round "9"]
[White "Nikolova, Adriana"]
[Black "Ivanova, Dilyana"]
[Result "1-0"]
[WhiteElo "2352"]
[BlackElo "1496"]
[PlyCount "143"]
[EventDate "2017.02.26"]
[EventType "tourn"]
[EventRounds "9"]
[EventCountry "BUL"]
[SourceTitle "CBM 177 Extra"]
[Source "ChessBase"]
[SourceDate "2017.04.27"]
[SourceVersion "1"]
[SourceVersionDate "2017.04.27"]
[SourceQuality "1"]

1. e4 c5 2. Nf3 e6 3. c3 Nf6 4. e5 Nd5 5. d4 cxd4 6. cxd4 a6 7. Bd3 b5 8. 0-0 Bb7 9. Nc3 Be7 10. Qe2 Nxc3 11. bxc3 d5 12. Be3 0-0 13. Rac1 Nd7 14. Bb1 Re8 15. Qd3 Nf8 16. g3 h6 17. Nd2 Rc8 18. Qe2 Ba3 19. Rc2 b4 20. cxb4 Rxc2 21. Bxc2 Bxb4 22. Rb1 Qa5 23. Nb3 Qc7 24. Bd3 a5 25. Rc1 Qb8 26. Qg4 Kh8 27. Qh5 Kg8 28. Nc5 Rc8 29. Rb1 Bxc5 30. dxc5 Qc7 31. Bd4 Rb8 32. Qe2 Nd7 33. f4 Bc6 34. f5 exf5 35. e6 Rxb1+ 36. Bxb1 Nf8 37. exf7+ Qxf7 38. Qe5 Bd7 39. Bc3 a4 40. a3 Ng6 41. Qd4 Bc6 42. Bc2 Qd7 43. Kf2 Kh7 44. h4 Kh8 45. Kg1 Qc7 46. Kh2 Qe7 47. Bxf5 Be8 48. Qd2 Kg8 49. Qxd5+ Bf7 50. Qd4 Be8 51. Bd3 Nf8 52. Be4 Nd7 53. Bd5+ Kh8 54. Qd2 Kh7 55. c6 Nf6 56. Bxf6 Qxf6 57. Qc2+ Bg6 58. Be4 Bxe4 59. Qxe4+ Kh8 60. c7 Qf2+ 61. Qg2 Qf8 62. Qc2 Qc8 63. Qc6 Kh7 64. h5 Kh8 65. Qc4 Kh7 66. Qd3+ Kh8 67. Qd8+ Qxd8 68. cxd8Q+ Kh7 69. Qe8 g6 70. hxg6+ Kg7 71. Qf7+ Kh8 72. Qh7# 1-0

[Event "BUL-ch (Women) 66th"]
[Site "Pleven"]
[Date "2017.03.04"]
[Round "7"]
[White "Radeva, Viktoria"]
[Black "Ivanova, Dilyana"]
[Result "1-0"]
[WhiteElo "2141"]
[BlackElo "1496"]
[PlyCount "85"]
[EventDate "2017.02.26"]
[EventType "tourn"]
[EventRounds "9"]
[EventCountry "BUL"]
[SourceTitle "CBM 177 Extra"]
[Source "ChessBase"]
[SourceDate "2017.04.27"]
[SourceVersion "1"]
[SourceVersionDate "2017.04.27"]
[SourceQuality "1"]

1. e4 c5 2. Nf3 e6 3. d4 cxd4 4. Nxd4 Nf6 5. Nc3 d6 6. Be2 a6 7. f4 Be7 8. 0-0 0-0 9. Bf3 Qc7 10. Qe1 Nbd7 11. Kh1 Rb8 12. Qg3 Re8 13. a4 b6 14. Bd2 Bb7 15. Rae1 Qc4 16. Nb3 e5 17. f5 d5 18. Bh6 Bf8 19. exd5 Nxd5 20. Nd2 Qc5 21. Nde4 Qc6 22. Bxg7 Bxg7 23. Nxd5 Kh8 24. f6 Bh6 25. Qh4 Bf4 26. Nxf4 exf4 27. Qh6 Rg8 28. Ng5 Rxg5 29. Bxc6 Rg6 30. Qxg6 hxg6 31. Bxd7 Rd8 32. Re8+ Rxe8 33. Bxe8 a5 34. Bxf7 Kh7 35. Rxf4 g5 36. Rf2 Kh6 37. Bb3 Kg6 38. f7 Bc6 39. f8R b5 40. R2f6+ Kg7 41. R8f7+ Kh8 42. Rxc6 bxa4 43. Rc8# 1-0

[Event "Wch U10 Girls"]
[Site "Batumi"]
[Date "2016.10.28"]
[Round "9.15"]
[White "Ivanova, Dilyana"]
[Black "Melenchuk, Olga"]
[Result "0-1"]
[WhiteElo "1476"]
[BlackElo "1396"]
[PlyCount "76"]
[EventDate "2016.10.19"]
[EventType "swiss"]
[EventRounds "11"]
[EventCountry "GEO"]
[SourceTitle "EXT 2018"]
[Source "ChessBase"]
[SourceDate "2017.10.13"]
[SourceVersion "1"]
[SourceVersionDate "2017.10.13"]
[SourceQuality "1"]

1. e4 e5 2. Nf3 Nc6 3. d4 exd4 4. Nxd4 Nf6 5. Nxc6 bxc6 6. e5 Qe7 7. Qe2 Nd5 8. c4 Nb6 9. Nc3 Qe6 10. Qe4 g6 11. f4 Bg7 12. a4 a5 13. Bd3 Ba6 14. b3 d5 15. cxd5 cxd5 16. Qe2 Bxd3 17. Qxd3 c6 18. Ba3 Bf8 19. Bxf8 Kxf8 20. 0-0 Qf5 21. Qe3 Nd7 22. Rac1 Qe6 23. Qd4 Kg7 24. Kh1 Rhb8 25. Rb1 Rb4 26. Qd1 Nc5 27. Na2 Rb7 28. Qc2 Ne4 29. b4 axb4 30. Nxb4 c5 31. Nd3 Rab8 32. Rxb7 Rxb7 33. a5 Qa6 34. Ra1 Qxd3 35. Qxd3 Nf2+ 36. Kg1 Nxd3 37. a6 Ra7 38. g3 Nb4 0-1

[Event "Wch U10 Girls"]
[Site "Batumi"]
[Date "2016.10.23"]
[Round "5"]
[White "Gaal, Zsoka"]
[Black "Ivanova, Dilyana"]
[Result "1-0"]
[WhiteElo "1763"]
[BlackElo "1476"]
[PlyCount "195"]
[EventDate "2016.10.19"]
[EventType "swiss"]
[EventRounds "11"]
[EventCountry "GEO"]
[SourceTitle "EXT 2018"]
[Source "ChessBase"]
[SourceDate "2017.10.13"]
[SourceVersion "1"]
[SourceVersionDate "2017.10.13"]
[SourceQuality "1"]

1. g3 Nf6 2. Bg2 e6 3. Nf3 Be7 4. 0-0 0-0 5. d4 d6 6. c4 Nbd7 7. Nc3 e5 8. b3 Rb8 9. Bb2 b6 10. Qc2 Bb7 11. Rfd1 Qc8 12. d5 c6 13. e4 cxd5 14. exd5 Re8 15. Nh4 h6 16. Nf5 a6 17. Rac1 Bf8 18. Ne2 Qc7 19. Qd2 Bc8 20. Ne3 Kh8 21. Nc2 a5 22. Nc3 Nc5 23. Nb5 Qd8 24. b4 Nb7 25. Na7 Ra8 26. Nc6 Qc7 27. b5 Nc5 28. Ba3 Bg4 29. Re1 Nb7 30. h3 Bd7 31. Ne3 Qc8 32. Kh2 Kg8 33. Nd1 Kh8 34. Nc3 Be7 35. Na4 Qc7 36. Qe3 Nc5 37. Bxc5 bxc5 38. Rb1 Qb7 39. Qc3 Bd8 40. Nb2 Kg8 41. Na4 Kh8 42. Qb3 Bb6 43. Qc3 Kg8 44. Qd2 Kh8 45. Rb2 Kg8 46. Nc3 Bf5 47. Qe2 Bd7 48. Qd3 a4 49. a3 Ba5 50. Rd1 Bb6 51. Qc2 Kh8 52. Nxa4 Bf5 53. Qb3 Kg8 54. Nxb6 Qxb6 55. a4 Kh8 56. a5 Qb7 57. a6 Qb6 58. Qa4 Nd7 59. Qa5 Qxa5 60. Nxa5 Nb6 61. Bf1 Red8 62. Nc6 Re8 63. Ra2 Bc8 64. h4 g5 65. hxg5 hxg5 66. Rc2 Kg7 67. Be2 Kg6 68. Kg2 f5 69. Rh1 f4 70. Bh5+ Kf6 71. Bxe8 Bf5 72. Ra2 Rxe8 73. a7 Na8 74. Ra6 g4 75. Rh4 f3+ 76. Kg1 Kg6 77. b6 Bc8 78. Ra3 Bb7 79. Rxg4+ Kh6 80. Rb3 e4 81. Na5 Re7 82. Nxb7 Rxb7 83. Rg8 Nxb6 84. Rxb6 Rxa7 85. Rxd6+ Kh7 86. Re8 Ra1+ 87. Kh2 Ra7 88. Rde6 Rb7 89. R8e7+ Rxe7 90. Rxe7+ Kg6 91. d6 Kf6 92. Rxe4 Kf5 93. Re8 Kf6 94. d7 Kf5 95. d8Q Kg6 96. Qd6+ Kf5 97. Re5+ Kg4 98. Qg6# 1-0

[Event "Wch U10 Girls"]
[Site "Batumi"]
[Date "2016.10.21"]
[Round "3"]
[White "Bayasgalan, Khishigbaatar"]
[Black "Ivanova, Dilyana"]
[Result "0-1"]
[WhiteElo "1109"]
[BlackElo "1476"]
[PlyCount "102"]
[EventDate "2016.10.19"]
[EventType "swiss"]
[EventRounds "11"]
[EventCountry "GEO"]
[SourceTitle "EXT 2018"]
[Source "ChessBase"]
[SourceDate "2017.10.13"]
[SourceVersion "1"]
[SourceVersionDate "2017.10.13"]
[SourceQuality "1"]

1. e4 c5 2. Nf3 e6 3. d4 cxd4 4. Nxd4 Nf6 5. Bd3 d6 6. Be3 a6 7. 0-0 Qc7 8. Nc3 Nbd7 9. Nb3 b5 10. a3 Bb7 11. f4 Be7 12. Qe2 0-0 13. g4 Nc5 14. Nxc5 dxc5 15. g5 c4 16. gxf6 cxd3 17. cxd3 Bxf6 18. Rac1 Qd7 19. Rfd1 Bd4 20. Qf2 Bxe3 21. Qxe3 f5 22. Rd2 Qf7 23. Rf1 Rad8 24. Rg2 Qd7 25. Qg3 Rf7 26. Rd1 a5 27. Rgd2 Qc7 28. e5 Qc6 29. d4 Rfd7 30. Kf2 b4 31. Na2 Qc4 32. b3 Qb5 33. a4 Qb6 34. Qe3 Be4 35. Nc1 Rc7 36. Ne2 Rdc8 37. Rg1 Rc2 38. Rxc2 Rxc2 39. Rc1 Qc6 40. h3 Rxc1 41. Qxc1 Qxc1 42. Nxc1 Kf7 43. h4 Kg6 44. Kg3 h6 45. Ne2 Kh5 46. d5 Bxd5 47. Nd4 g5 48. hxg5 hxg5 49. fxg5 Kxg5 50. Nf3+ Bxf3 51. Kxf3 f4 0-1

[Event "EU-ch U10 Girls 26th"]
[Site "Prague"]
[Date "2016.08.27"]
[Round "9"]
[White "Ivanova, Dilyana"]
[Black "Poliato, Irina"]
[Result "1-0"]
[WhiteElo "1382"]
[BlackElo "1280"]
[PlyCount "49"]
[EventDate "2016.08.18"]
[EventType "swiss"]
[EventRounds "9"]
[EventCountry "CZE"]
[SourceTitle "CBM 174 Extra"]
[Source "ChessBase"]
[SourceDate "2016.10.10"]
[SourceVersion "1"]
[SourceVersionDate "2016.10.10"]
[SourceQuality "1"]

1. e4 c6 2. d4 d5 3. Nc3 dxe4 4. Nxe4 Bf5 5. Ng3 Bg6 6. Bc4 Nf6 7. N1e2 e6 8. Nf4 Nbd7 9. Nxg6 hxg6 10. 0-0 Qc7 11. h3 Bd6 12. Qf3 0-0-0 13. Ne2 Nb6 14. Bd3 e5 15. dxe5 Bxe5 16. Bf4 Bxf4 17. Nxf4 Rhe8 18. a4 Nbd5 19. Nxd5 Nxd5 20. Qg4+ Kb8 21. Rfd1 Rd6 22. Re1 Rde6 23. Rxe6 Rxe6 24. Qh4 Qe5 25. Qd8# 1-0

[Event "EU-ch U10 Girls 26th"]
[Site "Prague"]
[Date "2016.08.19"]
[Round "2"]
[White "Gaal, Zsoka"]
[Black "Ivanova, Dilyana"]
[Result "1/2-1/2"]
[WhiteElo "1792"]
[BlackElo "1382"]
[PlyCount "76"]
[EventDate "2016.08.18"]
[EventType "swiss"]
[EventRounds "9"]
[EventCountry "CZE"]
[SourceTitle "CBM 174 Extra"]
[Source "ChessBase"]
[SourceDate "2016.10.10"]
[SourceVersion "1"]
[SourceVersionDate "2016.10.10"]
[SourceQuality "1"]

1. d4 Nf6 2. Nf3 e6 3. g3 b6 4. Bg2 Bb7 5. 0-0 Be7 6. c4 0-0 7. Nc3 Ne4 8. Bd2 f5 9. Rc1 Bf6 10. Qc2 d6 11. b4 a6 12. e3 Nd7 13. Ne2 c5 14. a3 Rc8 15. Qd3 Qc7 16. Nf4 Rfe8 17. d5 exd5 18. Nxd5 Qb8 19. Bh3 Nxd2 20. Qxd2 g6 21. Bg2 Bg7 22. Rfd1 Rcd8 23. Rb1 Bc6 24. bxc5 dxc5 25. Qc2 b5 26. Ne1 Qb7 27. Nd3 Kh8 28. N3f4 Nf6 29. Nxf6 Bxf6 30. cxb5 Bxg2 31. Nxg2 Rxd1+ 32. Rxd1 Qxb5 33. Nf4 Rc8 34. Nd5 Bg7 35. Ne7 Rb8 36. Rd5 Qb7 37. Qxc5 Qb1+ 38. Kg2 Qe4+ 1/2-1/2

[Event "EU School-ch U09 Girls"]
[Site "Kallithea"]
[Date "2016.06.18"]
[Round "2"]
[White "Mirza, Nur"]
[Black "Ivanova, Dilyana"]
[Result "1/2-1/2"]
[WhiteElo "1297"]
[BlackElo "1391"]
[PlyCount "165"]
[EventDate "2016.06.17"]
[EventType "swiss"]
[EventRounds "9"]
[EventCountry "GRE"]
[SourceTitle "EXT 2017"]
[Source "ChessBase"]
[SourceDate "2016.10.25"]
[SourceVersion "1"]
[SourceVersionDate "2016.10.25"]
[SourceQuality "1"]

1. e4 c5 2. d3 d6 3. Nf3 Nf6 4. g3 e6 5. Bg2 a6 6. Nc3 Nbd7 7. 0-0 Be7 8. Ne1 0-0 9. f4 Qc7 10. b3 Rb8 11. Bb2 b5 12. Rb1 Bb7 13. h3 h6 14. g4 Nh7 15. Qc1 f5 16. Ba1 b4 17. Na4 a5 18. c3 Rbc8 19. Qb2 Kh8 20. Nf3 fxe4 21. dxe4 Rxf4 22. Nd2 Rcf8 23. Rbe1 Bh4 24. cxb4 Ne5 25. bxc5 Bxe1 26. Rxe1 Nd3 27. cxd6 Nxb2 28. dxc7 Nxa4 29. bxa4 Rf2 30. Bc3 R2f7 31. Bxa5 Ra8 32. Rb1 Rxa5 33. Rxb7 Rf8 34. e5 Rxe5 35. Nc4 Rc5 36. Nd6 Rc1+ 37. Kh2 e5 38. c8Q Rcxc8 39. Nxc8 Rxc8 40. Re7 Nf6 41. Rxe5 Rc2 42. Ra5 Rxa2 43. Ra8+ Kh7 44. a5 Nd5 45. Kg3 Ra3+ 46. Bf3 Nc7 47. Ra7 Nb5 48. Rd7 Rxa5 49. Be4+ Kg8 50. Bd5+ Kh7 51. Be4+ Kg8 52. Rd8+ Kf7 53. Rd5 Ra3+ 54. Kf4 Nc3 55. Rd3 Ne2+ 56. Ke3 Rxd3+ 57. Kxd3 Nf4+ 58. Ke3 Nxh3 59. Ke2 Kf6 60. Bf5 g6 61. Bc8 Nf4+ 62. Kf3 Ke5 63. Bd7 g5 64. Be8 Ke6 65. Kg3 Ke7 66. Bc6 Ne2+ 67. Kf2 Kd6 68. Kxe2 Kxc6 69. Ke3 Kc5 70. Ke4 Kc4 71. Kf5 Kd4 72. Kg6 Ke5 73. Kxh6 Kf6 74. Kh5 Kf7 75. Kxg5 Kg7 76. Kh5 Kh7 77. g5 Kg7 78. g6 Kg8 79. Kg5 Kg7 80. Kf5 Kg8 81. Kf6 Kf8 82. g7+ Kg8 83. Kg6 1/2-1/2

[Event "Wch U08 Girls"]
[Site "Porto Carras"]
[Date "2015.11.04"]
[Round "10"]
[White "Ivanova, Dilyana"]
[Black "Wei, Yaqing"]
[Result "1-0"]
[WhiteElo "1369"]
[BlackElo "1478"]
[PlyCount "57"]
[EventDate "2015.10.25"]
[EventType "swiss"]
[EventRounds "11"]
[EventCountry "GRE"]
[SourceTitle "CBM 169 Extra"]
[Source "ChessBase"]
[SourceDate "2015.12.18"]
[SourceVersion "1"]
[SourceVersionDate "2015.12.18"]
[SourceQuality "1"]

1. e4 c5 2. Nf3 e6 3. d4 cxd4 4. Nxd4 Nf6 5. Bd3 Nc6 6. Nxc6 bxc6 7. 0-0 d6 8. Nd2 Be7 9. b3 0-0 10. Bb2 Qc7 11. c4 Bb7 12. Qe2 e5 13. Rad1 Rfe8 14. Nf3 Bf8 15. Rc1 Qb8 16. Bb1 a5 17. Bc2 c5 18. Nd2 Be7 19. f4 exf4 20. Rxf4 d5 21. Qf3 Bd6 22. Rxf6 gxf6 23. Qg4+ Kf8 24. Bxf6 Bxh2+ 25. Kh1 Qg3 26. Qh5 Kg8 27. e5 Rec8 28. Qh6 dxc4 29. Bxh7# 1-0